000
00328nam a2200145Ia 4500
005
20241114032149.0
008
240331s9999 xx 000 0 und d
082
_b
RAO
_a
823
100
_a
Rao, R
245
0
_a
Kanthapura
260
_a
New Delhi
_b
Orient Paperbacks
_c
1971
300
_a
258 p .,
500
_a
A novel
942
_c
L
999
_c
3316
_d
3316